|
|
|
|
| LEADER |
02020nam a2200553 i 4500 |
| 001 |
nkc20243606849 |
| 003 |
CZ PrNK |
| 005 |
20241107080622.0 |
| 007 |
ta |
| 008 |
240520s2024 xr abcee f 001 0 cze |
| 015 |
|
|
|a cnb003606849
|
| 020 |
|
|
|a 978-80-7508-942-7
|q (brožováno)
|
| 035 |
|
|
|a (OCoLC)1468020696
|
| 040 |
|
|
|a BOA001
|b cze
|d ABA001
|e rda
|
| 041 |
1 |
|
|a cze
|h eng
|
| 043 |
|
|
|a e-po---
|
| 072 |
|
7 |
|a 913(4)
|x Geografie Evropy, reálie, cestování
|2 Konspekt
|9 7
|
| 080 |
|
|
|a 913(469)
|2 MRF
|
| 080 |
|
|
|a (469)
|2 MRF
|
| 080 |
|
|
|a (036)913
|2 MRF
|
| 130 |
0 |
|
|a Top 10 Lisbon.
|l Česky
|
| 245 |
1 |
0 |
|a Top 10 - Lisabon /
|c překlad: Petr Florian
|
| 246 |
3 |
0 |
|a Lisabon
|
| 246 |
1 |
8 |
|a Lisabon - top 10
|
| 250 |
|
|
|a 1. vydání
|
| 264 |
|
1 |
|a [Brno] :
|b Lingea,
|c 2024
|
| 300 |
|
|
|a 128 stran :
|b ilustrace (převážně barevné), mapy, portréty, plány ;
|c 20 cm +
|e 1 mapa (36 x 40 cm složeno na 18 x 8 cm)
|
| 336 |
|
|
|a text
|b txt
|2 rdacontent
|
| 336 |
|
|
|a statický obraz
|b sti
|2 rdacontent
|
| 336 |
|
|
|a kartografický obraz
|b cri
|2 rdacontent
|
| 337 |
|
|
|a bez média
|b n
|2 rdamedia
|
| 338 |
|
|
|a svazek
|b nc
|2 rdacarrier
|
| 338 |
|
|
|a list
|b nb
|2 rdacarrier
|
| 500 |
|
|
|a Přeloženo z angličtiny
|
| 500 |
|
|
|a Nad názvem uvedeno též původní nakladatelství: DK
|
| 500 |
|
|
|a Mapa uložena v plastové kapse na zadní obálce
|
| 500 |
|
|
|a Obsahuje rejstříky
|
| 546 |
|
|
|a Český text
|
| 651 |
|
7 |
|a Lisabon (Portugalsko)
|7 ge129841
|x reálie
|2 czenas
|
| 651 |
|
9 |
|a Lisboa (Portugal)
|x description and travel
|2 eczenas
|
| 655 |
|
7 |
|a turistické průvodce
|7 fd133738
|2 czenas
|
| 655 |
|
9 |
|a tourist guidebooks
|2 eczenas
|
| 700 |
1 |
|
|a Florian, Petr
|7 xx0257134
|4 trl
|
| 910 |
2 |
|
|a BOA001
|b 1-1527.218
|
| 990 |
|
|
|a BK
|
| 995 |
|
|
|a 01
|
| 991 |
|
|
|b 202406
|c NOV
|
| 996 |
6 |
|
|b 2610972169
|c 1-1527.218
|l MZK
|r Sklad / do 1 hodiny
|n 0
|p p.v.
|w 001967644
|u 000010
|a 1
|e BOA001
|j MZK50
|s P
|
| 996 |
7 |
|
|b 2610972170
|c 1-1527.218
|l Vol.výběr
|r VV 1p
|n 5
|p p.v.
|h 913(4) PRU POR
|w 001967644
|u 000020
|a 0
|e BOA001
|j MZK50
|s A
|